00830 a2200193 4500003000500000005001700005010001600022020002800038040000900066082001700075100002700092245007800119260003600197300003400233440004800267505024300315650003500558650004300593Nust20230904113823.0 a 98009286 c0890068704 (alk. paper) cNust00a621.3981,HIG1 aHigginbottom, Gary N.,10aPerformance evaluation of communication networks /cGary N. Higginbottom. aBoston :bArtech House,cc1998. axii, 366 p. :bill. ;c24 cm. 4aThe Artech House telecommunications library aIntroduction (Page-1), Communications Networks and Protocols (Page-11), Mathematical Analysis (Page-41), Computer Simulation (Page-95), Event Graphs for Simulation (Page-155), Markov Analysis (Page-179), LANS (Page-237), WANS (Page-291).  0aComputer networksxEvaluation. 0aTelecommunication systemsxEvaluation.